STN EN 12266-2: 2012 (13 3003) Priemyselné armatúry. Skúšanie armatúr Časť 2 Skúšky, skúšobné postupy a akceptačné kritériá. Dodatočné požiadavky

Táto norma je slovenskou verziou európskej normy EN 12266-2: 2012. Preklad zabezpečil Slovenský ústav technickej normalizácie. Má rovnaké postavenie ako majú oficiálne verzie

Bibliographic Details
Corporate Author: EMITA (Piešťany, Slovensko) (Author)
Other Authors: Rypák, Rudolf (Translator)
Format: Book
Language:Slovak
English
PhysicalDescription:16 s. tab. 30 cm
Published: Bratislava Slovenský ústav technickej normalizácie 2012
Subjects:

MARC

LEADER 00000nam a2200000 a 4500
001 vtls010450058
003 SK-MaSNL
005 20260301132822.0
008 130117s xo f u 000 0 slo
015 |a SNBN2013 
020 |c (cen. skup. 4) 
040 |a SNK  |b slo  |c SNK  |e AACR2 
041 1 |a slo  |h eng 
044 |a xo  |c SK 
046 |a s  |m 201209 (účin. ) 
072 7 |a 621  |x Strojárstvo  |2 konspekt 
080 |a 621.772  |2 2001 
080 |a 006.7/.8  |2 2001 
080 |a (437.6) 2 2001  |2 1981 
080 |a (4)  |2 2001 
084 |a 23.060.01  |2 ICS 
130 0 |a STN 13 3003 (STN EN 12266-2)  |9 484200 
245 1 0 |a STN EN 12266-2: 2012 (13 3003) Priemyselné armatúry. Skúšanie armatúr  |n Časť 2  |p Skúšky, skúšobné postupy a akceptačné kritériá. Dodatočné požiadavky 
246 1 0 |a Priemyselné armatúry 
246 1 0 |a Skúšanie armatúr. Časť 2 
246 1 0 |a Skúšky, skúšobné postupy a akceptačné kritériá 
246 3 0 |a EN 12266-2: 2012 E 
246 1 0 |a Dodatočné požiadavky 
260 |a Bratislava  |b Slovenský ústav technickej normalizácie  |c 2012 
300 |a 16 s.  |b tab.  |c 30 cm 
500 |a Súbežný názov v angličtine, francúzštine, nemčine 
500 |a Táto norma nahrádza anglické znenie STN EN 12266-2 z mája 2012 v celom rozsahu 
500 |a Spracovateľ EMITA Piešťany, Rudolf Rypák 
504 |a Citované normy, súvisiace právne predpisy s. 2 ; literatúra s. 15 
520 8 |a Táto norma je slovenskou verziou európskej normy EN 12266-2: 2012. Preklad zabezpečil Slovenský ústav technickej normalizácie. Má rovnaké postavenie ako majú oficiálne verzie 
540 |a STN vydané na akomkoľvek nosiči sa môžu rozmnožovať a rozširovať iba so súhlasom určenej právnickej osoby  |b SÚTN Bratislava  |c zákon 264/1999 Z. z. 
650 0 7 |a tlakové nádoby  |2 SNKPH  |9 73347 
650 0 7 |a technické normy a štandardy  |z Slovensko  |2 SNKPH  |9 79594 
650 0 7 |a technické normy a štandardy  |z krajiny Európskej únie  |2 SNKPH  |9 289341 
650 0 7 |a Boilers  |2 SNKPHeng  |9 195575 
650 0 7 |a kotly  |2 2001  |9 20560 
655 7 |a normy  |2 SNKPH  |9 70643 
700 1 |a Rypák, Rudolf  |4 trl  |9 303044 
710 2 |a EMITA (Piešťany, Slovensko)  |4 aut  |9 166433 
710 2 |a Slovenský ústav technickej normalizácie (Bratislava, Slovensko).  |b Technická komisia č. 68 Kotly a tlakové nádoby  |4 stn  |9 320439 
852 |a Štátna vedecká knižnica v Banskej Bystrici 
958 |a OP 
958 |a NB 
999 |c 752049  |d 753979 
952 |a SNK  |b SNK  |y PREZ  |7 0  |p 17A1050073  |o snkSTN EN 12266-2  |i snk2012/18858  |8 0  |0 0  |1 0  |4 0  |d 2012-09-25  |l 0  |r 2026-02-23 23:36:15  |w 2026-02-23 
952 |a SNK  |b SNK  |y PREZ  |7 0  |p 17A1050074  |o snkSTN EN 12266-2 D1  |i snk2012/18859  |8 0  |0 0  |1 0  |4 0  |d 2012-09-25  |l 0  |r 2026-02-23 23:36:15  |w 2026-02-23